| 000 | 00350nam a22001451a 4500 | ||
|---|---|---|---|
| 082 |
_aS 294.592 1 _bABH/V |
||
| 100 | _aAbhaydev Vidyalankar | ||
| 245 |
_aVaidic vinay/ _cby Abhaydev Vidyalankar |
||
| 260 |
_aNew Delhi: _bSamskar, _c2002. |
||
| 300 | _a422p. | ||
| 650 | _aVedic Literature | ||
| 650 | _aHinduism | ||
| 650 | _aReligion | ||
| 942 | _cBK | ||
| 999 |
_c48717 _d48717 |
||